K zdokonaleniu plánovitého riadenia národného hospodárstva zborník dokumentov a materiálov k zdokonaľovaniu sústavy plánovitého riadenia... po roku 1980

Na minha lista:
Detalhes bibliográficos
Formato: Livro
Idioma:eslovaco
Publicado em: Bratislava Pravda 1980
Tags: Adicionar Tag
Sem tags, seja o primeiro a adicionar uma tag!

MARC

LEADER 00000nam a2200000 4500
001 c141832
005 20181203150522.6
041 0 |a slo 
044 |a SK 
245 1 0 |a K zdokonaleniu plánovitého riadenia národného hospodárstva  |b zborník dokumentov a materiálov k zdokonaľovaniu sústavy plánovitého riadenia... po roku 1980 
264 1 |a Bratislava  |b Pravda  |c 1980 
300 |a 164 s.